000
00300nam a2200133Ia 4500
005
20251222144849.0
008
251222s9999||||xx |||||||||||||| ||spa||
082
_a
220.61/K17
100
_a
Kaiser, Federico
245
0
_a
Te llama la Biblia:
250
_a
2a.ed.
264
_b
SESATOR
942
_c
LIB
999
_c
21540
_d
21540